10 Most Populous Cities in Alabama - Statistics

General Stats
  • This quiz has been taken 25 times
  • The average score is 7 of 10
Answer Stats
Population City % Correct
193,702 Montgomery
100%
195,400 Birmingham
90%
181,253 Mobile
90%
228,616 Huntsville
85%
113,711 Tuscaloosa
75%
83,684 Auburn
60%
71,317 Dothan
55%
92,351 Hoover
45%
58,512 Decatur
40%
62,038 Madison
40%
No matching quizzes found
Score Distribution
Percent of People with Each Score
Percentile by Number Answered
Your Score History
You have not taken this quiz